00391nam a2200145 a 4500008004100000020001500041050001600056100002000072245002900092246004700121250001300168260003200181300002300213350000900236120416s1989 ||||||||||||||||| || u a0070103771 aHF 5549 Cas aCascio, Wayne F10aManaging human resources aproductivity, quality of work life profits a2nd. ed. aNew YorkbMcGraw-Hillc1989 axxxiv, 693p. : ill a0.00